000 00579cab a2200241 4500
001 X2748
008 090401t1990 xxu||||| |||| 00| 0 eng d
035 _a(Sirsi) u26052
041 _aeng
110 _aNational Farmers' Union
_9456
245 _aAgriculture in Eastern Europe
260 _c1990
350 _a0
490 _aRural Practice Bulletin
_vJuly 1990, 40-47(8)
650 _aCAP
650 _aEAST GERMANY
650 _aLAND TENURE
650 _aLand use
_96251
650 _aSTATISTICS
690 _aRURAL PRACTICE
942 _n0
948 _c04/03/1997
999 _c17484
_d17484